Vista normal Vista MARC

Entrada Personal Name

Número de registros utilizados en: 1

001 - CONTROL NUMBER

  • control field: 61340

003 - CONTROL NUMBER IDENTIFIER

  • control field: OSt

005 - DATE AND TIME OF LATEST TRANSACTION

  • control field: 20250724141317.0

008 - FIXED-LENGTH DATA ELEMENTS

  • fixed length control field: 250724|| aca||aabn | a|a d

040 ## - CATALOGING SOURCE

  • Original cataloging agency: OSt
  • Transcribing agency: OSt

100 ## - HEADING--PERSONAL NAME

  • Personal name: Chávez Ferreiro, Odet

670 ## - SOURCE DATA FOUND

  • Source citation: Work cat.: (OSt)57691: Roll, Eric, 1907-2005 aut 61336, Historia de las doctrinas económicas /









Instituto Departamental de Cultura del Meta - Red Departamental de Bibliotecas Públicas del Meta.